[Event "AUT-chT2M 2122"]
[Site "Austria"]
[Date "2022.05.01"]
[Round "11.6"]
[White "Schieder, Josef"]
[Black "Taggatz, Mario"]
[Result "1/2-1/2"]
[WhiteElo "1984"]
[BlackElo "2212"]
[PlyCount "92"]
[EventDate "2021.10.01"]
[EventType "team-tourn"]
[EventRounds "11"]
[EventCountry "AUT"]
[SourceTitle "EXT 2023"]
[Source "ChessBase"]
[SourceDate "2022.10.05"]
[SourceVersion "1"]
[SourceVersionDate "2022.10.05"]
[SourceQuality "1"]
[WhiteTeam "Pinggau Friedberg"]
[BlackTeam "Sauwald"]
[WhiteTeamCountry "AUT"]
[BlackTeamCountry "AUT"]

1. d4 d5 2. Bf4 c5 3. e4 e6 4. Nc3 Nf6 5. exd5 Nxd5 6. Nxd5 Qxd5 7. Nf3 Nc6 8. dxc5 Qxd1+ 9. Rxd1 Bxc5 10. Bb5 Bd7 11. c3 f6 12. Bd6 Bxd6 13. Rxd6 Ke7 14. Rd2 Rhd8 15. Ke2 a6 16. Ba4 Be8 17. Rhd1 Rxd2+ 18. Rxd2 Rd8 19. Rxd8 Kxd8 20. Ke3 Ke7 21. Bc2 g6 22. Be4 e5 23. Bd5 Kd6 24. Bg8 h6 25. Nd2 f5 26. Nc4+ Ke7 27. Bd5 e4 28. Kf4 b5 29. Ne5 Nd8 30. g4 Kf6 31. gxf5 gxf5 32. f3 exf3 33. Nxf3 Bc6 34. Bxc6 Nxc6 35. b3 Ne7 36. c4 bxc4 37. bxc4 Ng6+ 38. Ke3 Ne5 39. Nxe5 Kxe5 40. h4 a5 41. h5 a4 42. c5 Kd5 43. Kf4 Kxc5 44. Kxf5 Kb4 45. Kg6 Ka3 46. Kxh6 Kxa2 1/2-1/2

[Event "Steyr Landesliga 1920"]
[Site "Austria"]
[Date "2020.02.08"]
[Round "8.4"]
[White "Schieder, Josef"]
[Black "Schein, Karl Heinz"]
[Result "0-1"]
[WhiteElo "2008"]
[BlackElo "2191"]
[PlyCount "78"]
[EventDate "2019.09.28"]
[EventType "team-tourn"]
[EventRounds "11"]
[EventCountry "AUT"]
[SourceTitle "CBM 195 Extra"]
[Source "ChessBase"]
[SourceDate "2020.05.31"]
[SourceVersion "1"]
[SourceVersionDate "2020.05.31"]
[SourceQuality "1"]
[WhiteTeam "Pinggau Friedberg"]
[BlackTeam "Leoben"]
[WhiteTeamCountry "AUT"]
[BlackTeamCountry "AUT"]

1. d4 Nf6 2. Bf4 c5 3. e3 Qb6 4. Na3 d6 5. dxc5 Qxc5 6. c3 g6 7. Nf3 Bg7 8. Bb5+ Nbd7 9. 0-0 0-0 10. Bg3 Ne4 11. Qa4 Nxg3 12. hxg3 Nb6 13. Qh4 Bf6 14. Qh6 Be6 15. Rac1 Bxa2 16. b4 Qc8 17. Bd3 Be6 18. Ng5 Bxg5 19. Qxg5 Nd5 20. e4 Nf6 21. f4 a5 22. f5 Bb3 23. Nb5 Bc4 24. Bxc4 Qxc4 25. Nxd6 exd6 26. Qxf6 Qxe4 27. Rce1 Qg4 28. Qxd6 Rad8 29. Qe5 a4 30. Qe3 g5 31. f6 h6 32. Rf3 a3 33. Ra1 Ra8 34. Qc1 a2 35. Qc2 Qc4 36. Rf2 Ra3 37. Rxa2 Rxc3 38. Qe2 Rc1+ 39. Rf1 Rxf1+ 0-1

[Event "Steyr Landesliga 1920"]
[Site "Austria"]
[Date "2019.11.16"]
[Round "4.5"]
[White "Schieder, Josef"]
[Black "Preck, Helmut"]
[Result "1/2-1/2"]
[WhiteElo "2008"]
[BlackElo "1969"]
[PlyCount "70"]
[EventDate "2019.09.28"]
[EventType "team-tourn"]
[EventRounds "11"]
[EventCountry "AUT"]
[SourceTitle "CBM 193 Extra"]
[Source "ChessBase"]
[SourceDate "2020.01.31"]
[SourceVersion "1"]
[SourceVersionDate "2020.01.31"]
[SourceQuality "1"]
[WhiteTeam "Pinggau Friedberg"]
[BlackTeam "Graz Austria"]
[WhiteTeamCountry "AUT"]
[BlackTeamCountry "AUT"]

1. d4 e6 2. Bf4 d5 3. e3 Bd6 4. Bg3 Nf6 5. Nd2 c5 6. c3 Nc6 7. Ngf3 b6 8. Bd3 Qc7 9. e4 cxd4 10. cxd4 dxe4 11. Nxe4 Nxe4 12. Bxe4 f5 13. Bxd6 Qxd6 14. Bxc6+ Qxc6 15. 0-0 Bb7 16. Re1 0-0 17. Re5 Rac8 18. Qb3 Rf6 19. Rae1 Qc4 20. Qe3 Bxf3 21. b3 Qc3 22. gxf3 Qxe3 23. R5xe3 Rd8 24. Rd1 f4 25. Re5 Kf7 26. Kf1 Rf5 27. Rxf5+ exf5 28. Ke2 Ke6 29. Kd3 Rc8 30. Re1+ Kd6 31. h4 g6 32. Rg1 Rg8 33. Kc4 Rc8+ 34. Kd3 Rg8 35. Kc4 Rc8+ 1/2-1/2

[Event "Steyr Landesliga 1819"]
[Site "Austria"]
[Date "2018.11.17"]
[Round "5.5"]
[White "Toller, Maximilian"]
[Black "Schieder, Josef"]
[Result "1-0"]
[WhiteElo "2031"]
[BlackElo "2038"]
[PlyCount "145"]
[EventDate "2018.10.06"]
[EventType "team-tourn"]
[EventRounds "11"]
[EventCountry "AUT"]
[SourceTitle "CBM 189 Extra"]
[Source "ChessBase"]
[SourceDate "2019.05.31"]
[SourceVersion "1"]
[SourceVersionDate "2019.05.31"]
[SourceQuality "1"]
[WhiteTeam "Graz Schachfreunde"]
[BlackTeam "Pinggau Friedberg"]
[WhiteTeamCountry "AUT"]
[BlackTeamCountry "AUT"]

1. c4 e6 2. g3 Nf6 3. Bg2 d5 4. Nf3 Be7 5. 0-0 0-0 6. b3 c5 7. Bb2 Nc6 8. e3 a6 9. Qe2 Rb8 10. cxd5 exd5 11. d4 Bg4 12. dxc5 Ne4 13. h3 Bh5 14. Nc3 Bf6 15. Na4 Qe7 16. Bxf6 Qxf6 17. g4 Bg6 18. Rac1 Rbd8 19. Rfd1 Qe7 20. Nd4 f5 21. f3 Ng3 22. Qe1 Nxd4 23. Rxd4 f4 24. Kh2 Rde8 25. Nb6 Qxe3 26. Qxe3 Rxe3 27. Nxd5 Ne2 28. Nxe3 fxe3 29. Rdd1 Nxc1 30. Rxc1 e2 31. Kg3 Bc2 32. Kf2 Bd1 33. h4 h6 34. h5 Rf6 35. b4 Kf7 36. a4 Rf4 37. b5 Ke7 38. c6 bxc6 39. bxc6 Rf8 40. c7 Rc8 41. g5 Kd7 42. gxh6 gxh6 43. a5 Rxc7 44. Rxc7+ Kxc7 45. Ke1 Bb3 46. f4 Kd6 47. Bf3 Be6 48. Bxe2 Bc8 49. Kd2 Kd5 50. Kd3 Bf5+ 51. Ke3 Bc8 52. Bd3 Ke6 53. Kd4 Kf6 54. Kc5 Bg4 55. Bg6 Be2 56. Kd4 Bf3 57. Ke3 Bb7 58. Bd3 Ke6 59. Bf1 Kf5 60. Bh3+ Kf6 61. Bg4 Kf7 62. Kd4 Bc6 63. Be2 Bb7 64. Ke5 Bc8 65. Bd3 Ke7 66. Bc4 Bg4 67. Bxa6 Kd7 68. Kf6 Bxh5 69. Kg7 Bf3 70. Kxh6 Ke6 71. Kg5 Bd5 72. Bb5 Kf7 73. a6 1-0

[Event "Leitersdorf Region-ch"]
[Site "Leitersdorf"]
[Date "2017.01.08"]
[Round "5.4"]
[White "Schieder, Josef"]
[Black "Almer, Gerald"]
[Result "1/2-1/2"]
[WhiteElo "2034"]
[BlackElo "2124"]
[PlyCount "60"]
[EventDate "2017.01.04"]
[EventType "swiss"]
[EventRounds "5"]
[EventCountry "AUT"]
[SourceTitle "EXT 2024"]
[Source "ChessBase"]
[SourceDate "2023.10.10"]
[SourceVersion "1"]
[SourceVersionDate "2023.10.10"]
[SourceQuality "1"]

1. e4 c5 2. Nf3 e6 3. b3 Nc6 4. Bb2 Nf6 5. e5 Nd5 6. c4 Nf4 7. g3 Ng6 8. Qe2 Be7 9. h4 f6 10. h5 Ngxe5 11. Nxe5 fxe5 12. h6 g6 13. Nc3 Nd4 14. Qd3 d5 15. 0-0-0 e4 16. Qb1 0-0 17. cxd5 b5 18. dxe6 Bxe6 19. Nxb5 a6 20. Nxd4 cxd4 21. Qxe4 Rc8+ 22. Bc4 Bxc4 23. bxc4 Rxc4+ 24. Kb1 Rb4 25. Ka1 Bf6 26. Qe6+ Kh8 27. d3 Re8 28. Qf7 Rf8 29. Qe6 Re8 30. Qf7 Rf8 1/2-1/2

[Event "Steyr Landesliga 1314"]
[Site "Austria"]
[Date "2013.12.07"]
[Round "5.5"]
[White "Schieder, Josef"]
[Black "Kolednik, Otmar"]
[Result "0-1"]
[WhiteElo "2017"]
[BlackElo "2005"]
[PlyCount "90"]
[EventDate "2013.09.28"]
[EventType "team-tourn"]
[EventRounds "11"]
[EventCountry "AUT"]
[SourceTitle "EXT 2015"]
[Source "ChessBase"]
[SourceDate "2014.11.20"]
[SourceVersion "1"]
[SourceVersionDate "2014.11.20"]
[SourceQuality "1"]
[WhiteTeam "Pinggau Friedberg"]
[BlackTeam "Kapfenberg/Norske/Bruck"]
[WhiteTeamCountry "AUT"]
[BlackTeamCountry "AUT"]

1. c4 c5 2. g3 Nc6 3. Bg2 g6 4. Nc3 Bg7 5. Nf3 e6 6. 0-0 Nge7 7. d3 0-0 8. Bg5 h6 9. Be3 Nd4 10. Bxd4 cxd4 11. Nb5 Nc6 12. Nd6 Qc7 13. c5 Rb8 14. Qa4 Qa5 15. Qxa5 Nxa5 16. b4 Nc6 17. b5 Ne7 18. b6 axb6 19. cxb6 Nd5 20. Rab1 Rd8 21. Rfc1 Kf8 22. Rb2 Ke7 23. Nc4 d6 24. Nfd2 Nc3 25. Nb1 Na4 26. Rb4 Bd7 27. Na5 Nc5 28. Nd2 Rdc8 29. Ndb3 Nxb3 30. Rxc8 Rxc8 31. Nxb3 d5 32. a4 Ra8 33. a5 Kd6 34. f4 Bc6 35. Nxd4 Rxa5 36. Nxc6 Kxc6 37. e4 Kc5 38. Rb1 Bd4+ 39. Kf1 Ra2 40. Bh3 Rf2+ 41. Ke1 Rxh2 42. Bf1 Bc3+ 43. Kd1 d4 44. Rb3 Ra2 45. Be2 Rd2+ 0-1

[Event "Steyr Landesliga 1213"]
[Site "Austria"]
[Date "2013.04.27"]
[Round "10.4"]
[White "Schieder, Josef"]
[Black "Kratschmer, Heinz"]
[Result "1/2-1/2"]
[WhiteElo "2040"]
[BlackElo "2144"]
[PlyCount "52"]
[EventDate "2012.09.22"]
[EventType "team-tourn"]
[EventRounds "11"]
[EventCountry "AUT"]
[SourceTitle "EXT 2014"]
[Source "ChessBase"]
[SourceDate "2013.11.20"]
[SourceVersion "1"]
[SourceVersionDate "2013.11.20"]
[SourceQuality "1"]
[WhiteTeam "Pinggau Friedberg"]
[BlackTeam "Leibnitz"]
[WhiteTeamCountry "AUT"]
[BlackTeamCountry "AUT"]

1. c4 Nf6 2. g3 e5 3. Bg2 d5 4. cxd5 Nxd5 5. Nc3 Nb6 6. Nf3 Nc6 7. 0-0 Be7 8. a3 0-0 9. d3 Re8 10. b4 Bf8 11. Bb2 f6 12. Rc1 Be6 13. Nd2 Nd5 14. Nce4 Qd7 15. Nb3 b6 16. Nc3 Rac8 17. e3 Red8 18. d4 exd4 19. Nxd4 Nxd4 20. Nxd5 Bxd5 21. Bxd4 Bxg2 22. Kxg2 Qd5+ 23. Qf3 c5 24. bxc5 Bxc5 25. Bxc5 Rxc5 26. Rfd1 Qxf3+ 1/2-1/2

[Event "Graz-ch"]
[Site "Graz"]
[Date "2013.01.18"]
[Round "3"]
[White "Schieder, Josef"]
[Black "Spelec, Darko"]
[Result "0-1"]
[WhiteElo "2040"]
[BlackElo "2012"]
[PlyCount "52"]
[EventDate "2013.01.12"]
[EventType "swiss"]
[EventRounds "7"]
[EventCountry "AUT"]
[SourceTitle "CBM 152 Extra"]
[Source "ChessBase"]
[SourceDate "2013.02.25"]
[SourceVersion "1"]
[SourceVersionDate "2013.02.25"]
[SourceQuality "1"]

1. c4 c5 2. g3 Nf6 3. Bg2 d5 4. cxd5 Nxd5 5. Nc3 Nc7 6. Nf3 Nc6 7. 0-0 e5 8. Ne1 Qd7 9. Nd3 f6 10. f4 c4 11. Ne1 exf4 12. Rxf4 Ne5 13. b3 Bc5+ 14. e3 Ne6 15. Rh4 g5 16. Nd5 0-0 17. Rh6 Qg7 18. Rh5 Nd4 19. Bh3 Bxh3 20. Rxh3 g4 21. Rh4 Ndf3+ 22. Nxf3 Nxf3+ 23. Kg2 f5 24. Rb1 Qf7 25. Nf4 Rad8 26. Qc2 Ne1+ 0-1

[Event "Graz-ch"]
[Site "Graz"]
[Date "2013.01.12"]
[Round "1"]
[White "Aschenbrenner, Robert"]
[Black "Schieder, Josef"]
[Result "1-0"]
[WhiteElo "2260"]
[BlackElo "2040"]
[PlyCount "83"]
[EventDate "2013.01.12"]
[EventType "swiss"]
[EventRounds "7"]
[EventCountry "AUT"]
[SourceTitle "CBM 152 Extra"]
[Source "ChessBase"]
[SourceDate "2013.02.25"]
[SourceVersion "1"]
[SourceVersionDate "2013.02.25"]
[SourceQuality "1"]

1. d4 g6 2. c4 Bg7 3. e4 d6 4. Nc3 e5 5. d5 f5 6. Bd3 f4 7. g3 Nh6 8. gxf4 Bg4 9. f3 Qh4+ 10. Kd2 Bh5 11. Kc2 exf4 12. Bd2 Na6 13. Nb5 Nf7 14. Qe1 Qf6 15. Bc3 Ne5 16. Be2 c5 17. a3 0-0 18. h4 Qe7 19. Qf2 Nc7 20. Nxc7 Qxc7 21. Nh3 Qe7 22. Ng5 Bh6 23. Ne6 Rf7 24. Bxe5 dxe5 25. Qxc5 Qd7 26. Rac1 b6 27. Qf2 Bf8 28. Kb1 Rc8 29. Bf1 Qa4 30. Ka2 b5 31. Nxf8 Kxf8 32. b3 Qa5 33. c5 b4 34. a4 Rfc7 35. Bh3 Rd8 36. Rc4 g5 37. hxg5 Be8 38. c6 Bf7 39. Bf5 Bg8 40. Rh6 Rxd5 41. exd5 Bxd5 42. Qc5+ 1-0

[Event "Vienna Tschaturanga op"]
[Site "Vienna"]
[Date "2012.05.10"]
[Round "4"]
[White "Schieder, Josef"]
[Black "Tamele, Daniel"]
[Result "1-0"]
[WhiteElo "2069"]
[BlackElo "1812"]
[PlyCount "55"]
[EventDate "2012.05.07"]
[EventType "swiss"]
[EventRounds "7"]
[EventCountry "AUT"]
[SourceTitle "CBM 148 Extra"]
[Source "ChessBase"]
[SourceDate "2012.06.22"]
[SourceVersion "1"]
[SourceVersionDate "2012.06.22"]
[SourceQuality "1"]

1. c4 e6 2. g3 d5 3. Bg2 Nf6 4. Nf3 c6 5. 0-0 Be7 6. b3 0-0 7. Bb2 a6 8. d4 Nbd7 9. Nbd2 Bd6 10. Qc2 Rb8 11. e4 dxe4 12. Ng5 c5 13. Ndxe4 Nxe4 14. Nxe4 Be7 15. Rad1 Qc7 16. d5 exd5 17. Rxd5 f5 18. Qc3 Bf6 19. Nxf6+ Nxf6 20. Re5 b6 21. Rfe1 Bd7 22. Re7 Rbe8 23. Bd5+ Kh8 24. Qd2 Qd6 25. Bxf6 Qxf6 26. Rxd7 Rxe1+ 27. Qxe1 f4 28. Qe7 1-0

[Event "Vienna Tschaturanga op"]
[Site "Vienna"]
[Date "2012.05.09"]
[Round "3"]
[White "Rusek, Walter"]
[Black "Schieder, Josef"]
[Result "0-1"]
[WhiteElo "1837"]
[BlackElo "2069"]
[PlyCount "22"]
[EventDate "2012.05.07"]
[EventType "swiss"]
[EventRounds "7"]
[EventCountry "AUT"]
[SourceTitle "CBM 148 Extra"]
[Source "ChessBase"]
[SourceDate "2012.06.22"]
[SourceVersion "1"]
[SourceVersionDate "2012.06.22"]
[SourceQuality "1"]

1. d4 d6 2. Nf3 g6 3. e4 Nf6 4. Bd3 Bg7 5. h3 Nbd7 6. Nc3 c5 7. dxc5 Nxc5 8. Bb5+ Bd7 9. Bxd7+ Qxd7 10. e5 dxe5 11. Nxe5 Qe6 0-1

[Event "Steyr Landesliga 1112"]
[Site "Austria"]
[Date "2012.02.04"]
[Round "8.5"]
[White "Schieder, Josef"]
[Black "Raith, Heimo"]
[Result "1/2-1/2"]
[WhiteElo "2069"]
[BlackElo "2086"]
[PlyCount "26"]
[EventDate "2011.09.24"]
[EventType "team-tourn"]
[EventRounds "11"]
[EventCountry "AUT"]
[SourceTitle "EXT 2013"]
[Source "ChessBase"]
[SourceDate "2012.11.22"]
[SourceVersion "1"]
[SourceVersionDate "2012.11.22"]
[SourceQuality "1"]
[WhiteTeam "Pinggau Friedberg"]
[BlackTeam "Weiz"]
[WhiteTeamCountry "AUT"]
[BlackTeamCountry "AUT"]

1. c4 e5 2. g3 c5 3. Bg2 Nc6 4. Nc3 d6 5. e3 g6 6. Nge2 Bg7 7. Nd5 Nge7 8. Nec3 0-0 9. 0-0 f5 10. a3 Be6 11. Rb1 Rb8 12. b4 b6 13. b5 Na5 1/2-1/2

[Event "Graz op-A 17th"]
[Site "Graz"]
[Date "2010.08.28"]
[Round "1"]
[White "Schieder, Josef"]
[Black "Buzeti, Jernej"]
[Result "0-1"]
[WhiteElo "2064"]
[BlackElo "2251"]
[PlyCount "80"]
[EventDate "2010.08.21"]
[EventType "swiss"]
[EventRounds "9"]
[EventCountry "AUT"]
[SourceTitle "CBM 138 Extra"]
[Source "ChessBase"]
[SourceDate "2010.10.29"]
[SourceVersion "1"]
[SourceVersionDate "2010.10.29"]
[SourceQuality "1"]

1. c4 Nf6 2. g3 e5 3. Bg2 d5 4. cxd5 Nxd5 5. Nc3 Nb6 6. Nf3 Nc6 7. 0-0 Be7 8. b3 0-0 9. Bb2 Be6 10. d3 Qd7 11. Rc1 f6 12. Re1 a5 13. Nd2 Rad8 14. Nc4 Nd5 15. Qd2 b6 16. Ne3 Nxe3 17. fxe3 Nb4 18. Red1 c5 19. Qe1 f5 20. Ba3 Bg5 21. Qd2 Qf7 22. Rf1 Qg6 23. Bxb4 axb4 24. Nd1 Rd6 25. Qb2 Bf6 26. Qc2 Qh6 27. e4 f4 28. gxf4 exf4 29. Bf3 Bh3 30. Nf2 Bd4 31. Kh1 Bxf1 32. Rxf1 Qh4 33. Ng4 h5 34. e5 Rdd8 35. Qc4+ Kh8 36. Nh6 gxh6 37. Qe6 Qg5 38. Be4 Rg8 39. h3 Rde8 40. Qd7 Re7 0-1

[Event "AUT-chT2S 9899"]
[Site "Austria"]
[Date "1999.01.24"]
[Round "6.5"]
[White "Kratschmer, Heinz"]
[Black "Schieder, Josef"]
[Result "1/2-1/2"]
[WhiteElo "2080"]
[BlackElo "2185"]
[PlyCount "20"]
[EventDate "1998.10.??"]
[EventType "team-tourn"]
[EventRounds "11"]
[EventCountry "AUT"]
[SourceTitle "EXT 2001"]
[Source "ChessBase"]
[SourceDate "2000.11.22"]
[SourceVersion "1"]
[SourceVersionDate "2000.11.22"]
[SourceQuality "1"]

1. d4 Nf6 2. Nf3 b6 3. e3 Bb7 4. Bd3 e6 5. 0-0 Ne4 6. Nbd2 f5 7. Ne5 Qh4 8. f3 Nf6 9. Qe1 Qxe1 10. Rxe1 Nc6 1/2-1/2